Qu'est-ce que le structuralisme?

Saved in:
Bibliografiske detaljer
Main Authors: Ducrot, Oswald (Author), Todorov, Tzvetan (Author), Sperber, Dan (Author), Safouan, Moustafa (Author), Wahl, Francois (Author)
Format: Bog
Sprog:fransk
Udgivet: París Du Seuil 1968
Fag:
Tags: Tilføj Tag
Ingen Tags, Vær først til at tagge denne postø!

MARC

LEADER 00000nam a2200000 a 4500
001 UCZ2967
003 CL-VaPUC
008 951013e19680000FR |||||||||||||||||fre|d
082 0 4 |a 149.96  |b DUC  |2 21 
100 0 |a Ducrot, Oswald  |e author  |9 346787 
700 0 |a Todorov, Tzvetan  |e author  |9 346788 
700 0 |a Sperber, Dan  |e author  |9 346789 
700 0 |a Safouan, Moustafa  |e author  |9 346790 
700 0 |a Wahl, Francois  |e author  |9 346791 
245 1 0 |a Qu'est-ce que le structuralisme? 
300 |a 445 p 
942 |c BK 
945 |d 19951013 00:00:00  |a cmena 
260 |a París  |b Du Seuil  |c 1968 
650 0 |a Estructuralismo  |9 265696 
650 0 |a Escuelas filosóficas   |9 266232 
650 0 |a Existencialismo  |9 265698 
583 |a last modification  |c 19951013 00:00:00  |k Rodrigo Vera 
999 |c 239498  |d 239496 
952 |0 0  |1 0  |4 0  |6 149_960000000000000_DUC_1968  |7 0  |8 P  |9 250686  |a BIBEDU  |b BIBEDU  |c BIBEDU_PB  |d 2019-11-18  |i 1570560  |o 149.96 DUC 1968  |p 1570560  |r 2019-11-18  |w 2019-11-18  |y BK  |k FIL